000 00583nam a22001937a 4500
999 _c170934
_d170934
005 20191230172241.0
010 _aA-586536
020 _c20.00
035 _aA-586536
037 _bBPPD/Pub.
082 _a270.32
100 _aعلی اصغر
245 _aحیات رسول اللہ /
_cعلی اصغر
246 _aHayat Rasool Allah (Urdu) /
_bby Ali Asghar
260 _aNew Delhi
_bAbdul Malik Fahim
_c1992 ء
270 _aMaktaba, 2241, Kucha Chalan, Daryaganj
_bNew Delhi
_e110002
300 _a255p.
_c18cm(Hb)
942 _2ddc
_cUR
_h270.32
_mم ح م